| 000 | 00795nam a2200229 a 4500 | ||
|---|---|---|---|
| 999 |
_c447430 _d447430 |
||
| 003 | BLK | ||
| 005 | 20230628135350.0 | ||
| 008 | 220307b bu |||||r|||| 00| | bu d | ||
| 040 | _aBLK | ||
| 041 |
_aBUL _cBUL |
||
| 080 |
_aТеатър. Сценично изкуство. Вж 725.82; 782; 82-2 _b792 _z792 |
||
| 139 | _bМ 23 | ||
| 245 |
_aМалък театрален летопис _bДраматичен театър Сава Огнянов Русе _h[Малотир. изд.] |
||
| 260 |
_9441842 _aРусе _bб. и. _c1998 |
||
| 300 |
_a12 с. _bсъс сн. _c22 см |
||
| 380 | _a7 | ||
| 653 | 7 |
_9185505 _aДраматичен театър "Сава Огнянов" |
|
| 852 |
_bК _cК 792/М 23 |
||
| 942 |
_cKNG _n0 _s1 _01 |
||
| 944 |
_aCR _c2022-03-07 _kвр |
||
| 999 | _d447430 | ||